00534nam a2200181 a 45000010010000000030011000100080041000210350026000620820016000881000022001042450026001262600043001526500020001959420012002159520090002279980020003179990015003370000-9343ELIB.Books110520 0000  a(ELIB.Books)0000-9495 a261.1 bPow aPowell, Sidney W. aWhere are the Peolpe? bNew York: Abindon- Cokesbury Press c0 aSocial Theology 2ddccBK 00102ddc4070aKBTSbKBTSd2011-05-20l0p1931r2022-01-22 00:00:00w2022-01-22yBK cbate2011-05-20 c9343d9343